000
00306nam a2200121Ia 4500
008
190802s9999 xx 000 0 und d
020
_a
978-0-07-144141-4
100
_a
MyKe Predko
245
0
_a
Digital Electronics DeyMystified
260
_a
New York
_b
Mc Graw Hill
_c
2005
300
_a
371:P
942
_c
BK
999
_c
2594
_d
2594